000 00276nam a2200121Ia 4500
008 190216s9999||||xx |||||||||||||| ||und||
100 _aIvan Gomcharov
245 4 _aThe Same Old Story
260 _bRaduga Pub
_c1989
300 _a349
650 _aEnglish Novel
942 _cBK
999 _c13558
_d13558